Atlas Československé socialistické republiky

Saved in:
Bibliographic Details
Format: Book
Language:Czech
Published: Praha Ústřední správa geodézie a kartografie 1966
Tags: Add Tag
No Tags, Be the first to tag this record!

MARC

LEADER 00000nam a2200000 4500
001 c122586
005 20221220101331.1
041 0 |a cze 
044 |a CZ 
245 1 0 |a Atlas Československé socialistické republiky 
264 1 |a Praha  |b Ústřední správa geodézie a kartografie  |c 1966 
300 |a 58 mp.